| 000 | 01727nam0a2200325 4500 | ||
|---|---|---|---|
| 001 | RU\NLR\bibl\145848 | ||
| 005 | 20260407093416.0 | ||
| 010 |
_a5-7174-0493-Х _9500 |
||
| 021 |
_aRU _b98-40422 _91943 |
||
| 035 | _a(NLR Aleph) 000142902 | ||
| 090 |
_a818458 _c818458 |
||
| 100 | _a20010403d1998 |||y0rusy50 ca | ||
| 101 | 0 | _arus | |
| 102 | _aRU | ||
| 105 | _ay ||||||||| | ||
| 200 | 1 |
_aСовременные подходы к методике преподавания предметов историко-обществоведческого цикла в средней школе _eСб. материалов _fСамар. обл. ин-т повышения квалификации и переподгот. работников образования _g[Науч. ред. Пахомов Г.С., к.ист.н., доц.] |
|
| 210 |
_aСамара _cИзд-во СИПКРО _d1998 |
||
| 215 |
_a125 с. _d20 |
||
| 320 | _aБиблиогр. в конце материалов | ||
| 606 | 0 |
_aОбщественные науки _jСборники _xМетодика преподавания _xСредняя школа _91745317 _3RU\NLR\auth\66781296 |
|
| 606 | 0 |
_aОбщественные науки _jСборники _xПреподавание _xСредняя школа _91746877 _3RU\NLR\auth\66782164 |
|
| 686 | _aЧ426.305я43 | ||
| 702 | 1 |
_aПахомов _bГ. С. _4340 |
|
| 712 | 0 | 2 |
_4570 _aСамарский областной институт повышения квалификации работников образования _3RU\NLR\AUTH\889917122 _9330415 |
| 801 | 0 |
_aRU _bNLR _c20010403 _gPSBO |
|
| 801 | 1 |
_aRU _bNLR _c20010403 |
|
| 852 |
_aNLR _j99-3/16877 |
||
| 942 | _cBOOK | ||
| 980 | _aNB | ||